00483nam a2200181Ii 45000010005000000030009000050080041000140400033000550410008000880840012000961000016001082450031001242640053001553000012002083360026002203370028002463380027002742430CO-ViMGA241108s9999||||xx |||||||||||||| ||und|| aCO-ViMGAbspaerdacCO-ViMGA0 aspa aN THO5m1 aJack Thomas10aMotín en el reformatorio 1aBogotá, Colombia : Círculo de Lectores, 1974 avolumen atextbtxt2rdacontent aunmediatedbn2rdamedia avolumebnc2rdacarrier